[Event "IMSA Rapid Women 2019"]
[Site "Hengshui"]
[Date "2019.05.15"]
[Round "7.10"]
[White "Kosteniuk, Alexandra"]
[Black "Abdumalik, Zhansaya"]
[Result "1-0"]
[WhiteElo "2546"]
[BlackElo "2464"]
[Annotator "TA"]
[PlyCount "81"]
[EventDate "2019.05.14"]
[EventType "rapid"]
[EventCountry "CHN"]
[SourceTitle "playchess.com"]
[Source "ChessBase"]
[SourceQuality "1"]

{[%evp 10,81,7,8,14,7,15,9,35,-4,0,-9,35,2,16,0,0,0,62,17,95,33,94,52,131,131,133,72,92,94,159,152,164,158,158,149,180,173,227,191,195,194,188,182,215,213,183,136,138,103,145,114,109,42,37,31,32,39,58,50,81,18,176,141,167,171,229,275,29986,29987,29987,29988,29988,29989]} 1. e4 e5 2. Nf3 Nc6 3. Bc4 Bc5 4. d3 Nf6 5. Bg5 h6 6. Bh4 a6 {C50: Hungarian Defence and Giuoco Pianissimo} (6... Be7 7. Bg3 d6 8. a4 O-O 9. h3 Be6 10. Bxe6 fxe6 11. Nbd2 Qe8 12. O-O Nh5 13. Bh2 Qg6 14. c3 {0-1 (57) Demchenko,A (2679)-Sevian,S (2647) chess.com INT 2019}) 7. a4 d6 8. c3 Qe7 {The position is equal.} 9. Nbd2 g5 10. Bg3 Ba7 11. b4 {[%cal Bb2b4,Bb4b5][%mdl 32]} Nd8 12. O-O Nh5 $146 ({Predecessor:} 12... Ne6 13. Re1 h5 14. d4 h4 15. Bxe5 dxe5 16. Nxe5 {0-1 (31) Hassabis,D (2320)-Flear,G (2435) London 1989}) 13. Kh1 Nf4 (13... Nxg3+ $11 14. fxg3 h5) 14. d4 (14. Bxf4 $5 gxf4 15. d4 $14) 14... Bg4 (14... Ng6 $11 {keeps the balance.}) 15. Qb3 (15. Bxf4 $16 {Hoping for Be3.} gxf4 16. h3) 15... Kf8 (15... Qf6 $14) 16. b5 a5 (16... Nde6 $14) 17. Bxf4 $16 gxf4 18. Be2 ({White should try} 18. Qa3 $1) 18... Ne6 19. Qd5 $36 {[%mdl 2048] Black is under strong pressure.} ({Much weaker is} 19. dxe5 dxe5 20. Qd5 Nc5 $11) 19... Nd8 (19... exd4 $142 20. Qxb7 (20. cxd4 Rb8 $16) 20... Kg7) 20. dxe5 dxe5 21. Nc4 Bxf3 22. Bxf3 f6 23. Nxa5 Qc5 (23... Rb8 $142 24. Bg4 Bb6) 24. Qb3 h5 25. Rad1 {Strongly threatening Rd7.} Qe7 26. Rd2 Bb6 27. Nc4 Ne6 28. Nxb6 cxb6 29. Bd1 Nc5 30. Qb4 Kg7 31. g3 (31. Rd5 $16) 31... Rad8 32. Rd5 {And now gxf4 would win.} fxg3 33. fxg3 Qe6 34. Bf3 h4 {White must now prevent ...hxg3.} 35. Rg1 ({White should play} 35. g4 $16) 35... hxg3 $2 (35... Rxd5 $11 {and Black has nothing to worry.} 36. exd5 Qf5 37. gxh4+ Kf7) 36. Rxg3+ $18 Kf7 {[#]} 37. Bg4 $1 {[%cal Rg4e6]} Qe7 {[#]} (37... Qe8 $142 38. a5 Rxd5 39. exd5 Qf8) 38. Qc4 $1 {White threatens Rxd8+ and mate.} Ne6 $2 (38... Kf8 $18 39. Bf5 Rd6) 39. Bxe6+ {[%mdl 64] Overworked Piece. White mates.} Qxe6 {[#]} 40. Qc7+ $1 {[%mdl 64] Double Attack} Qe7 {[#]} 41. Rg7+ $1 {[%mdl 576] Skewer. Accuracy: White = 49%, Black = 34%.} 1-0

[Event "IMSA Rapid Women 2019"]
[Site "Hengshui"]
[Date "2019.05.15"]
[Round "7.11"]
[White "Muzychuk, Mariya"]
[Black "Stefanova, Antoaneta"]
[Result "1-0"]
[WhiteElo "2563"]
[BlackElo "2470"]
[Annotator "TA"]
[PlyCount "111"]
[EventDate "2019.05.14"]
[EventType "rapid"]
[EventCountry "CHN"]
[SourceTitle "playchess.com"]
[Source "ChessBase"]
[SourceQuality "1"]

{[%evp 18,111,10,0,0,0,0,0,0,0,0,0,0,0,0,0,0,0,0,0,6,5,4,0,0,0,28,24,23,27,83,77,77,77,77,82,41,34,33,8,12,12,13,13,13,0,0,0,0,0,0,7,7,8,8,8,102,0,0,0,247,247,243,247,247,240,240,240,240,240,29969,29970,29970,29970,29971,29970,29970,29970,29970,29969,29967,185,185,184,29977,29978,29970,175,175,175,175,175,175,175,29980,29981]} 1. e4 e5 2. Nf3 Nc6 3. Bc4 Bc5 4. c3 Nf6 5. d4 exd4 6. e5 d5 7. Bb5 Ne4 8. cxd4 Bb6 9. Nc3 O-O ({Predecessor:} 9... Bg4 10. O-O {1-0 (31) Sweety,P (1993)-Dadello,A Chalkidiki 2007}) 10. O-O Bg4 {Threatens to win with ...Nxd4! C54: Giuoco Piano: 4 c3 Nf6, main lines with 5 d4 and 5 d3} 11. Bxc6 $146 (11. Be3 f5 12. Ne2 Bxf3 13. gxf3 Ng5 14. Nf4 Nxd4 15. Bxd4 Bxd4 16. h4 Bxe5 17. Qxd5+ Qxd5 18. Nxd5 Nxf3+ {0-1 (27) Galkin,A (2590)-Winants,L (2516) playchess.com INT 2007}) 11... bxc6 12. h3 Bxf3 {The position is equal.} 13. Qxf3 Bxd4 14. Nxe4 dxe4 15. Qxe4 Qd5 16. Qxd5 cxd5 17. Rd1 c5 18. Be3 Bxe3 19. fxe3 $11 {[%mdl 4096] Endgame KRR-KRR} Rfd8 20. Rac1 Rac8 21. Rd3 Rc7 22. b4 c4 23. Rd4 c3 (23... Kf8 $11) 24. e4 $16 Rc4 25. Rxc4 dxc4 26. Rxc3 {KR-KR} Rd4 27. Ra3 Kf8 28. b5 Rd1+ 29. Kf2 Rb1 30. Ke3 Rxb5 31. Rxa7 c3 32. Kd3 (32. Rc7 {keeps more tension.} Rb2 33. g3 Rxa2 34. Rxc3 Ke7 35. Rc8) 32... Rb2 33. Kxc3 Rxg2 34. a4 {Strongly threatening a5.} Rg3+ 35. Kb4 {Black must now prevent a5.} Rxh3 36. a5 {aiming for Rc7.} Re3 (36... Rh1 $11) 37. a6 (37. Rc7 $16) 37... Rxe4+ $11 {[%mdl 64] [#] Double Attack} 38. Kb3 {Hoping for Rb7.} Rxe5 $2 (38... Re3+ $1 $11 39. Kc4 Re4+ 40. Kd5 Ra4) 39. Rb7 $18 Ra5 40. a7 g5 {...Kg7 is the strong threat.} 41. Rb8+ Kg7 42. a8=Q Rxa8 43. Rxa8 {KR-K3P} Kg6 $2 (43... f5 $18 44. Ra6 h5) 44. Kc3 h5 45. Kd3 Kf5 46. Ke3 Kg4 47. Ra1 h4 48. Rg1+ Kh5 49. Kf3 $2 (49. Rc1 Kg4 50. Rg1+ Kh5 51. Kf3 f5 52. Rh1 Kg6 53. Rc1 Kf6 54. Rc6+ Kg7 55. Ke3) 49... f5 50. Rb1 h3 $2 {[#]} (50... Kh6 $18 51. Rb8 Kg7) 51. Kg3 g4 52. Kf4 $2 (52. Rb6 {mates} Kg5 53. Re6 f4+ 54. Kh2 Kh4 55. Rh6+ Kg5 56. Re6 Kh4 57. Rh6+ Kg5 58. Rh8) 52... Kg6 53. Rb6+ Kf7 54. Rb5 ({Worse is} 54. Kxf5 g3 $11) 54... Kg6 55. Ra5 h2 $2 (55... Kh6 $18 56. Ra6+ (56. Rxf5 $2 h2 $19) 56... Kg7) 56. Ra1 {Accuracy: White = 66%, Black = 49%.} 1-0

[Event "IMSA Rapid Women 2019"]
[Site "Hengshui"]
[Date "2019.05.15"]
[Round "7.12"]
[White "Dzagnidze, Nana"]
[Black "Harika, Dronavalli"]
[Result "1/2-1/2"]
[WhiteElo "2510"]
[BlackElo "2492"]
[Annotator "TA"]
[PlyCount "116"]
[EventDate "2019.05.14"]
[EventType "rapid"]
[EventCountry "CHN"]
[SourceTitle "playchess.com"]
[Source "ChessBase"]
[SourceQuality "1"]

{[%evp 11,116,18,27,0,0,0,0,0,0,0,0,-39,-33,-37,-34,-35,-33,-23,-21,-36,-45,-43,-14,-30,-30,-42,-44,-75,-75,-61,-54,-63,-63,-64,-67,-71,-51,-49,-53,-75,-56,-73,-77,-71,-73,-72,-64,-73,-57,-98,-84,-87,-47,-93,-101,-97,-56,-45,-29,-43,-24,-24,-25,-40,0,-36,-35,-35,-35,-35,-35,-35,-35,-35,0,0,0,-15,0,0,0,0,0,0,0,0,0,0,0,-8,-8,-8,-8,-8,-8,-8,-8,-8,-8,-8,-8,-8,-8,-8,0,0,0]} 1. e4 c6 2. Nc3 d5 3. Nf3 dxe4 4. Nxe4 Nf6 5. Nxf6+ exf6 6. d4 Bd6 7. h3 {B15: Caro-Kann: 3 Nc3: 3...g6 and 3...dxe4 4 Nxe4 Nf6 5 Nxf6+ exf6} (7. Be2 O-O 8. O-O Re8 9. c4 Nd7 10. Bd3 Nf8 11. h3 Ng6 12. Qc2 Qa5 13. c5 Bb8 14. Bd2 Qd8 15. Rfe1 Be6 16. Bc4 Nf8 {0-1 (47) Nepomniachtchi,I (2767)-Carlsen,M (2840) Doha 2016}) 7... O-O 8. Be2 Re8 9. O-O Nd7 {[%cal Bb8d7,Bd7f8,Bf8g6,Bg6f4][%mdl 32]} 10. c4 Nf8 11. d5 $146 ({Predecessor:} 11. Bd3 Be6 12. Re1 Qd7 13. Bd2 Ng6 14. Qb3 Bc7 {½-½ (23) Bokros,A (2486)-Kreisl,R (2442) Dunajska Streda 2017}) 11... cxd5 12. cxd5 Ng6 13. Be3 Nf4 14. Bb5 {[#] And now Bxf4 would win.} Re7 15. Bxf4 Bxf4 16. Re1 Bf5 17. Qd4 {Black must now prevent Rxe7.} Bc7 18. Rxe7 Qxe7 19. Re1 Qd6 20. Bd3 Bb6 21. Qc4 Bd7 22. Qe4 g6 23. Qe7 $1 {[%cal Re7d6]} Bc5 24. Qxd6 Bxd6 25. Rc1 Rd8 26. Kf1 f5 27. b3 Kg7 28. a4 a6 29. Rc2 Kf6 30. Nd2 Be8 31. Be2 Bf4 32. Bf3 b5 33. axb5 Bxb5+ 34. Nc4 h5 35. g3 Bb8 36. Kg2 Bd6 37. Be2 Bb8 38. Ne3 Bxe2 39. Rxe2 $15 {[%mdl 4096] Endgame KRB-KRN} f4 40. gxf4 Bxf4 41. Ra2 Bxe3 42. Rxa6+ Ke5 {[#] Threatens to win with ...Bd4.} 43. fxe3 {The position is equal.} Rxd5 $11 {KR-KR} 44. Ra7 f5 45. h4 Rb5 46. Ra6 Rxb3 47. Kf3 Rb4 48. Rxg6 Rxh4 49. Rh6 Rh3+ 50. Kg2 Rxe3 51. Rxh5 Ke4 52. Rh8 Re2+ 53. Kf1 Ra2 54. Rh3 f4 55. Rb3 Kf5 56. Rc3 Kg4 57. Rb3 f3 {( -> ...Kg3)} 58. Rb8 Kg3 {Accuracy: White = 61%, Black = 64%.} 1/2-1/2

[Event "IMSA Rapid Women 2019"]
[Site "Hengshui"]
[Date "2019.05.15"]
[Round "7.13"]
[White "Krush, Irina"]
[Black "Lei, Tingjie"]
[Result "0-1"]
[WhiteElo "2422"]
[BlackElo "2507"]
[Annotator "TA RC"]
[PlyCount "126"]
[EventDate "2019.05.14"]
[EventType "rapid"]
[EventCountry "CHN"]
[SourceTitle "playchess.com"]
[Source "ChessBase"]
[SourceQuality "1"]

{[%evp 9,126,0,33,24,31,33,33,27,31,26,27,8,42,44,54,53,50,45,49,51,51,42,49,43,66,62,55,49,72,66,147,126,154,69,78,72,69,70,64,43,51,37,36,33,37,43,72,82,70,58,54,54,60,51,81,53,43,5,45,10,20,8,29,19,27,-14,-16,-73,-17,-60,-54,-46,-50,-49,-51,-75,-15,-12,0,-28,-22,-18,-8,-52,-45,-45,-46,-45,-45,-45,-45,-45,-46,-44,0,0,31,22,79,0,0,0,0,0,0,-24,-24,-29969,-29964,-29981,-29982,-29982,-29983,-29983,-29981,-29981,-29979,-29979,-29980]} 1. d4 Nf6 2. c4 e6 3. Nc3 Bb4 4. e3 O-O 5. Bd2 c6 (5... d5 6. Nf3 Nbd7 7. Rc1 Be7 8. Qc2 a6 9. c5 c6 10. Bd3 Qc7 11. Na4 e5 12. dxe5 Nxe5 13. Nxe5 Qxe5 14. O-O Ne4 {½-½ (60) Aleksandrov,A (2602)-Melkumyan,H (2660) Batumi 2018}) 6. a3 {E46: Nimzo-Indian: Rubinstein: 4 e3 0-0 5 Ne2 without early Bd3} Ba5 $146 ({Predecessor:} 6... Be7 7. Nf3 d5 8. Qc2 Nbd7 9. Bd3 h6 10. O-O Re8 11. Rfe1 Bf8 12. e4 dxe4 13. Nxe4 Nxe4 14. Bxe4 {1-0 (32) Rabitzsch,M (1760)-Schwertel,H (1967) Schloss Schney 1999}) 7. Nf3 d5 8. Bd3 {White is slightly better.} Nbd7 9. O-O Re8 10. Qc2 Bc7 11. Rad1 h6 12. e4 dxe4 13. Nxe4 Nxe4 14. Bxe4 Nf6 15. Bd3 b6 16. Bc3 Qe7 17. Qe2 Bb7 18. Rfe1 Rad8 19. Bb1 c5 {[#]} (19... b5 $14) 20. d5 $1 $16 {[%mdl 512]} Nh7 (20... exd5 21. Qxe7) 21. Qe4 (21. Rd3 $16) 21... Nf8 $14 22. Qg4 {[%csl Gc3][%cal Rg4g7]} f6 23. Nh4 Bc8 $1 24. Nf5 (24. g3 {looks sharper.} Qf7 25. dxe6 Rxe6 26. Nf5 Kh8 27. Rxd8 Rxe1+ 28. Bxe1 Bxd8 29. Bc3) 24... exf5 25. Rxe7 {[%csl Ge7][%cal Rg4g7]} fxg4 26. Rxc7 Rd7 27. Rxd7 Nxd7 28. Bg6 Rd8 29. Re1 Nf8 30. Bd3 Kf7 31. b4 Ba6 32. bxc5 bxc5 33. Rb1 g6 34. f3 gxf3 35. gxf3 Re8 36. Kf2 Nd7 37. f4 Nb6 38. a4 (38. f5 $11) 38... Re7 ({Black should play} 38... Nxd5 $1 $17 39. cxd5 Bxd3 40. Rb7+ Re7 41. Rxe7+ Kxe7) 39. a5 Nxd5 $1 40. Bxg6+ Kxg6 41. cxd5 $15 {[%mdl 4096] Endgame KRB-KRB} Re2+ 42. Kf3 Rc2 (42... Rxh2 $17 43. Be1 h5) 43. Be1 $11 Rc4 44. Rb8 Kf5 45. Ra8 Rxf4+ 46. Kg3 Bb7 47. Rxa7 Bxd5 48. Rc7 Rf3+ 49. Kh4 c4 50. a6 Ra3 51. a7 Ke4 52. Kh5 Rh3+ 53. Kg6 Rxh2 {[#]} (53... Ra3 $1 $11) 54. Re7+ ({Don't play} 54. Kxf6 Ra2 $11) (54. Rxc4+ $1 $16 {[%mdl 512]} Kf3 (54... Bxc4 55. a8=Q+) 55. Rc3+ (55. Kxf6 Ra2 $14) 55... Ke4 {[#]} 56. Rc4+ $1 {[%mdl 512]} (56. Kxf6 Ra2 $11) 56... Kf3 57. Rc3+ (57. Kxf6 Ra2 $14) 57... Ke4 58. Ra3 (58. Kxf6 Ra2 $11)) 54... Kd4 55. Ba5 {Strongly threatening Rd7.} Ra2 56. Bb6+ Kd3 57. Kxf6 c3 {[%cal Bc4c3,Bc3c2][%mdl 32] aiming for ...c2.} 58. Ke5 $2 {[%mdl 8192]} (58. Rd7 $11 Kc4 59. Rc7+ Kd3 60. Rd7) 58... c2 {Black mates.} 59. Rc7 Bc4 60. Be3 Kxe3 61. Rxc4 Kd3 62. Rc7 Ra5+ 63. Kf6 {[#]} Ra6+ {Played: Ra5xa7} 0-1

[Event "IMSA Rapid Women 2019"]
[Site "Hengshui"]
[Date "2019.05.15"]
[Round "7.14"]
[White "Bodnaruk, Anastasia"]
[Black "Koneru, Humpy"]
[Result "1-0"]
[WhiteElo "2431"]
[BlackElo "2553"]
[Annotator "TA"]
[PlyCount "39"]
[EventDate "2019.05.14"]
[EventType "rapid"]
[EventCountry "CHN"]
[SourceTitle "playchess.com"]
[Source "ChessBase"]
[SourceQuality "1"]

{[%evp 16,45,20,-19,104,110,127,133,130,95,91,93,119,134,198,200,211,219,621,601,801,606,1131,1137,1725,1146,2121,1914,2095,2115,1989,1989]} 1. e4 c5 2. Nf3 e6 3. Nc3 a6 4. g3 b5 {[%cal Bb7b5,Bb5b4][%mdl 32]} 5. d4 cxd4 6. Nxd4 Bb7 7. Bg2 b4 8. Na4 Nf6 9. O-O d6 {B43: Sicilian: Kan Variation: 5 Nc3} (9... Bxe4 $11 {remains equal.} 10. Bxe4 Nxe4) (9... Bxe4 10. Bxe4 Nxe4 11. Re1 d5 12. Qh5 Qf6 13. Be3 Nd7 14. f3 g6 15. Qg4 h5 16. Qh3 Nd6 17. Rad1 Be7 18. Nxe6 Qxe6 19. Qg2 Nf5 20. Bg5 Qc6 21. Bxe7 Nxe7 22. Qe2 O-O {0-1 (22) Jovanovic,Z (2534)-Andreikin,D (2737) Tallinn 2016}) 10. Re1 $16 e5 11. Nf5 g6 {White is clearly better.} 12. Ne3 Bc6 13. c4 $146 ({Predecessor:} 13. c3 a5 14. Nc4 Nbd7 15. Bd2 Rc8 16. Ne3 bxc3 17. Nxc3 {0-1 (35) Tseitlin,M (2496)-Kurajica,B (2541) Bugojno 1999}) 13... Be7 14. Nd5 Bxd5 (14... a5 $16 15. a3 bxa3) 15. exd5 $18 ({Resist} 15. cxd5 h5 $16) 15... Nbd7 {[#]} 16. c5 $1 {[%mdl 512]} dxc5 $2 (16... O-O 17. c6 Nb6) 17. d6 {White is clearly winning.} Bf8 18. f4 Rb8 19. fxe5 Nh5 20. e6 {Played: Bg2-c6} 1-0

[Event "IMSA Rapid Women 2019"]
[Site "Hengshui"]
[Date "2019.05.15"]
[Round "7.15"]
[White "Ushenina, Anna"]
[Black "Paehtz, Elisabeth"]
[Result "1/2-1/2"]
[WhiteElo "2442"]
[BlackElo "2470"]
[Annotator "TA"]
[PlyCount "104"]
[EventDate "2019.05.14"]
[EventType "rapid"]
[EventCountry "CHN"]
[SourceTitle "playchess.com"]
[Source "ChessBase"]
[SourceQuality "1"]

{[%evp 12,104,45,33,32,38,41,24,38,12,7,-15,-13,-41,-53,-60,-48,-56,-37,-33,0,-37,-6,-9,0,0,0,0,11,14,11,15,17,16,33,23,49,22,49,21,38,45,66,46,50,46,60,31,70,70,72,48,51,35,53,52,52,35,64,0,0,-6,0,0,0,0,0,0,0,0,0,0,0,0,0,0,0,0,0,0,0,0,0,0,0,0,0,0,0,0,0,0,0,0,0]} 1. d4 e6 2. Nf3 f5 3. g3 b6 4. Bg2 Bb7 5. O-O Nf6 6. c4 g6 7. Nc3 Bg7 {A84: Dutch Defence: 2 c4 Miscellaneous} 8. d5 Na6 9. Bf4 (9. Rb1 Nc5 10. Nd2 a5 11. b3 O-O 12. Bb2 e5 13. a3 e4 14. b4 axb4 15. axb4 {0-1 (49) Tan,Z (2517)-Paehtz,E (2464) Huaian 2017}) 9... O-O {White has an edge.} 10. Qd2 Nc5 11. dxe6 Nxe6 12. Bh6 Ne4 $146 ({Predecessor:} 12... Re8 13. Bxg7 Kxg7 14. b4 Ne4 15. Nxe4 Bxe4 {½-½ (28) Buker,M (1978)-Yuksel,A (2236) Antalya 2019}) 13. Nxe4 fxe4 14. Ne1 $1 Bxh6 15. Qxh6 Qf6 16. Qc1 Qd4 17. b3 a5 18. Nc2 Qc3 (18... Qe5 {with more complications.} 19. Rb1 Nd4 20. Nxd4 Qxd4 21. e3 Qe5) 19. Ne3 $36 {[%mdl 2048] White is more active.} Qxc1 (19... Qe5 {looks sharper.} 20. Qc2 Rae8 21. Rad1 Bc6 22. Ng4 Qg7) 20. Raxc1 Nd4 21. Rfe1 c5 22. Nc2 Nf5 23. Red1 Rf7 24. a4 Bc6 25. Rd2 Re8 26. e3 Nh6 27. h3 Rf6 28. Na3 Nf7 29. Nb1 Ne5 30. Nc3 Nd3 31. Rf1 Nb4 $1 32. Rfd1 Re7 33. h4 Kf7 34. Bf1 h6 35. Na2 (35. Nb5 $14) 35... Nxa2 $11 {The position is equal.} 36. Rxa2 g5 37. hxg5 hxg5 38. Rad2 Rh6 39. Be2 Ke8 40. Rd6 Reh7 {[#] ( -> ...Rh1+)} 41. Rxh6 Rxh6 {[%mdl 4096] Endgame KRB-KRB} 42. Bg4 Ke7 43. Kg2 Rd6 44. Rxd6 Kxd6 {KB-KB} 45. f4 exf3+ 46. Bxf3 g4 47. Bxc6 dxc6 {KP-KP} 48. Kf2 Ke5 49. Ke1 Kf5 50. Kd1 Ke5 51. Ke1 Kf5 52. Kd1 Ke5 {Accuracy: White = 58%, Black = 56%.} 1/2-1/2

[Event "IMSA Rapid Women 2019"]
[Site "Hengshui"]
[Date "2019.05.15"]
[Round "7.16"]
[White "Khotenashvili, Bela"]
[Black "Tan, Zhongyi"]
[Result "0-1"]
[WhiteElo "2476"]
[BlackElo "2513"]
[Annotator "TA"]
[PlyCount "36"]
[EventDate "2019.05.14"]
[EventType "rapid"]
[EventCountry "CHN"]
[SourceTitle "playchess.com"]
[Source "ChessBase"]
[SourceQuality "1"]

{[%evp 11,36,0,16,-10,16,0,25,20,12,-7,-3,-4,-8,-13,-16,-49,-4,-18,0,-15,83,84,86,89,79,-388,-372]} 1. g3 d5 2. Nf3 g6 3. Bg2 Bg7 4. d4 Nf6 5. O-O O-O 6. c3 b6 7. a4 {[%cal Ba2a4,Ba4a5][%mdl 32] D02: 1 d4 d5 2 Nf3 sidelines, including 2...Nf6 3 g3 and 2...Nf6 3 Bf4} a6 $146 ({Predecessor:} 7... Bb7 8. a5 c5 9. Bf4 Nbd7 10. Ne5 Nxe5 11. Bxe5 e6 12. Nd2 Nd7 13. Bxg7 Kxg7 14. axb6 axb6 {½-½ (14) Artemiev,V (2709)-Cheparinov,I (2709) Skopje 2018}) 8. Nbd2 Bb7 9. b4 {White has an edge.} Nbd7 10. a5 c5 11. bxc5 bxc5 12. e3 Qc7 13. Ne1 e5 14. Nd3 exd4 15. exd4 Ne4 (15... Rfe8 $11 {keeps the balance.}) 16. Nxe4 $16 dxe4 17. Bf4 Qc8 18. Qb3 $2 {[%mdl 8192] [#]} (18. Rb1 $16) 18... c4 {[%mdl 64] Double Attack. Accuracy: White = 18%, Black = 44%.} 0-1

[Event "IMSA Rapid Women 2019"]
[Site "Hengshui"]
[Date "2019.05.15"]
[Round "8.9"]
[White "Zhao, Xue"]
[Black "Abdumalik, Zhansaya"]
[Result "1-0"]
[WhiteElo "2485"]
[BlackElo "2464"]
[Annotator "TA"]
[PlyCount "105"]
[EventDate "2019.05.14"]
[EventType "rapid"]
[EventCountry "CHN"]
[SourceTitle "playchess.com"]
[Source "ChessBase"]
[SourceQuality "1"]

{[%evp 12,105,27,28,31,14,38,-11,31,16,16,21,14,33,53,53,51,21,37,31,28,32,38,34,28,26,18,12,14,8,42,53,52,38,44,48,82,86,92,85,184,49,52,60,50,54,62,56,45,45,43,56,43,41,80,34,55,58,56,36,34,25,35,41,42,42,81,81,81,81,81,83,89,82,85,90,107,9,14,16,17,9,701,699,718,611,798,798,811,796,762,683,1349,1281,1059,1048]} 1. Nf3 Nf6 2. c4 c5 3. g3 g6 4. Bg2 Bg7 5. d4 cxd4 6. Nxd4 O-O 7. Nc3 Qc7 {E60: King's Indian: Unusual lines and Fianchetto Variation without Nc3} 8. b3 d5 9. Ncb5 $146 (9. Nxd5 $2 Nxd5 10. Bxd5 e6 $19) ({Much weaker is} 9. Bxd5 Bh3 $15) ({Predecessor:} 9. Ndb5 Qa5 10. Bd2 dxc4 11. bxc4 Qd8 12. O-O a6 13. Na3 Nc6 14. Rb1 Be6 15. Rxb7 {½-½ (30) Wojtaszek,R (2744)-Vachier Lagrave,M (2758) Beijing 2014}) 9... Qd8 {The position is equal.} 10. O-O a6 11. Nc3 {[%cal Rc4d5]} e5 12. Nc2 $1 {[%cal Rc4d5]} dxc4 13. bxc4 Nc6 14. Be3 Bf5 {aiming for ...Qxd1.} 15. Nd5 Nd7 16. Qd2 Re8 17. Rfd1 Rc8 18. Rac1 Qa5 19. Ncb4 {Strongly threatening Nxc6.} Nd4 20. Bg5 $36 {[%mdl 2048] Hoping for Ne7+. White has some pressure.} Qc5 21. e3 Nc6 22. e4 Bg4 23. Be3 Nd4 {[#]} 24. f3 $1 {[%mdl 512] Threatens to win with Nd3.} Be6 (24... Nxf3+ 25. Bxf3) 25. Nc2 $1 f5 {[#]} (25... b6 $16) 26. Nxd4 (26. f4 $1 $18 {[%cal Rf4e5]} Bxd5 27. cxd5 (27. exd5 Qf8 $18)) 26... exd4 $14 27. Bxd4 Bxd4+ 28. Qxd4 fxe4 29. Qxc5 Rxc5 30. fxe4 Kg7 31. Rb1 b5 32. cxb5 axb5 33. Nf4 Nf6 34. Nxe6+ Rxe6 35. Rd4 Ra6 36. Rd2 Ra4 37. Re2 Re5 38. Reb2 Nxe4 {[#]} 39. Re1 $1 {Black must now prevent Rbe2.} Kf6 40. Rbe2 {[%cal Rg2e4]} Kf5 41. h4 h5 42. Kh2 Rc4 43. Bf3 Ra4 44. Kg2 (44. Bh1 $16) 44... Re6 $1 $11 45. Rf1 {And now Bxe4+ would win.} Ke5 46. Rb1 Rb6 $2 {[%mdl 8192]} (46... Kf6 $11) 47. Rbe1 $18 {White is clearly winning.} Rba6 48. Rxe4+ Kf6 49. Rxa4 Rxa4 50. Bd5 Rd4 51. Bb3 Rd3 52. Re6+ Kg7 {[#]} 53. Rxg6+ $1 {[%mdl 512] Accuracy: White = 59%, Black = 52%.} 1-0

[Event "IMSA Rapid Women 2019"]
[Site "Hengshui"]
[Date "2019.05.15"]
[Round "8.10"]
[White "Bodnaruk, Anastasia"]
[Black "Muzychuk, Mariya"]
[Result "1-0"]
[WhiteElo "2431"]
[BlackElo "2563"]
[Annotator "TA"]
[PlyCount "45"]
[EventDate "2019.05.14"]
[EventType "rapid"]
[EventCountry "CHN"]
[SourceTitle "playchess.com"]
[Source "ChessBase"]
[SourceQuality "1"]

{[%evp 9,45,-33,-33,-32,-5,-25,0,-11,-13,-19,-16,-13,27,21,42,35,30,26,135,51,70,2,20,38,1033,1022,1016,1003,1056,631,973,963,1027,1026,29997,29998,29998,29999]} 1. e4 c5 2. b3 Nc6 3. Bb2 e6 4. f4 d5 (4... Nf6 5. e5 Nd5 6. g3 Be7 7. Nf3 b6 8. Bg2 Bb7 9. O-O O-O 10. Na3 d6 11. Nc4 dxe5 12. Ncxe5 {1-0 (36) Morozevich,A (2656)-Gordievsky,D (2614) St Petersburg 2018}) 5. e5 Nge7 6. Nf3 {B20: Sicilian: Unusual White 2nd moves} d4 7. g3 Nd5 $146 ({Predecessor:} 7... h5 8. Bg2 Nf5 9. O-O Be7 10. a4 Rb8 11. Na3 a6 {1-0 (47) Fernandez Romero,E (2462)-Herrera Delgado,A (2162) Seville 2008}) 8. Bg2 {The position is equal.} Be7 9. O-O O-O 10. Qe2 f6 11. c4 dxc3 12. dxc3 fxe5 13. fxe5 Bg5 {[#]} (13... c4 $11) 14. Nbd2 ({White should try} 14. Rd1 $1 $16) 14... Bh6 $14 15. Ne4 (15. Nc4 $14) 15... Ne3 $11 16. Bc1 $36 {[%mdl 2048] White is more active.} Qd5 $2 {[%mdl 8192]} (16... Nxf1 $14 17. Bxh6 Nxh2 18. Nxh2 gxh6) 17. Bxe3 $18 Qxe4 18. Ng5 {[%mdl 64] Discovered Attack} Qxe5 19. Rxf8+ Kxf8 20. Rf1+ Ke7 21. Qd2 Ke8 22. Bxc6+ bxc6 {[#]} 23. Rf8+ $1 {[%mdl 576] Decoy, Back Rank. Accuracy: White = 40%, Black = 36%.} 1-0

[Event "IMSA Rapid Women 2019"]
[Site "Hengshui"]
[Date "2019.05.15"]
[Round "8.11"]
[White "Dzagnidze, Nana"]
[Black "Kosteniuk, Alexandra"]
[Result "0-1"]
[WhiteElo "2510"]
[BlackElo "2546"]
[Annotator "TA"]
[PlyCount "52"]
[EventDate "2019.05.14"]
[EventType "rapid"]
[EventCountry "CHN"]
[SourceTitle "playchess.com"]
[Source "ChessBase"]
[SourceQuality "1"]

{[%evp 16,62,34,29,36,20,47,16,44,0,0,0,0,-26,40,43,81,76,135,0,7,7,12,0,0,-280,-305,-304,-309,-295,-285,-333,-315,-316,-326,-318,-310,-352,-336,-439,-450,-483,-485,-491,-487,-665,-644,-1748,-1745]} 1. Nf3 d5 2. b3 Nf6 3. Bb2 g6 4. c4 c6 5. g3 Bg7 6. Bg2 O-O 7. O-O Bf5 8. d3 Qc8 9. Re1 Bh3 {A11: English Opening: 1...c6} (9... Rd8 10. Nbd2 Bh3 11. Bh1 Na6 12. cxd5 cxd5 13. a3 Qg4 14. Rc1 Rac8 15. Rxc8 Rxc8 16. b4 Nb8 17. Nb3 {1-0 (59) Mamedov,R (2666)-Swiercz,D (2647) Izmir 2016}) 10. Bh1 Qf5 11. Nbd2 Qh5 {The position is equal.} 12. e4 dxe4 13. dxe4 Nbd7 $146 ({Predecessor:} 13... Na6 14. e5 Ng4 15. Qe2 Nh6 16. Ne4 Rad8 17. Neg5 {0-1 (28) Cambel,V (2029)-Reisel,F (2079) Slovakia 2011}) 14. Qc2 e5 (14... Rfd8 $11) 15. c5 $14 Ng4 16. b4 f5 (16... b6 $142) 17. Nc4 (17. exf5 $16 gxf5 18. Nc4) 17... fxe4 $11 18. Rxe4 {Black should prevent Re2.} Ndf6 19. Ree1 {[%cal Rc4e5]} e4 $1 {[%cal Re4f3]} 20. Nfe5 $2 {[%mdl 8192] [#]} (20. Nh4 $1 $11 {and White has nothing to worry.}) 20... Bg2 $1 $19 {[%csl Gg4][%cal Rh5h2][%mdl 512]} 21. h4 ({Not} 21. Bxg2 $2 Qxh2+ 22. Kf1 {[#]} Nh5 $1 $19 {[%mdl 512]}) (21. Kxg2 Qxh2+) 21... Bxh1 22. Kxh1 Rae8 {[%cal Rg4e5]} 23. Rad1 Nxe5 24. Nxe5 Rxe5 25. Bxe5 Qxe5 26. f4 Qe6 {Played: Qe5-h5} 0-1